JR東海 乗降客数TOP50 - Statistics

General Stats
  • This quiz has been taken 138 times
  • The average score is 40 of 50
Answer Stats
順位 乗降客数 Answer % Correct
1位 397411 名古屋
100%
12位 56753 岐阜
100%
5位 107931 静岡
98%
6位 83713 豊橋
98%
10位 67370 浜松
97%
4位 137001 金山
96%
14位 55538 三島
96%
7位 75976 京都
94%
48位 9726 熱海
94%
2位 182987 東京
93%
3位 158539 新大阪
93%
22位 31586 大垣
93%
28位 21187 掛川
93%
9位 68047 新横浜
92%
41位 14183 富士
91%
8位 71078 品川
90%
16位 49066 尾張一宮
90%
44位 12080 米原
90%
20位 37007 沼津
89%
18位 42263 岡崎
88%
32位 19323 清水
86%
13位 56296 刈谷
84%
24位 26943 大府
84%
30位 20930 小田原
84%
26位 22654 多治見
83%
15位 50921 千種
82%
43位 13205 三河安城
82%
29位 21126 安城
79%
40位 14260 蒲郡
79%
11位 64870 大曽根
75%
17位 46826 高蔵寺
75%
19位 39376 鶴舞
73%
45位 11464 磐田
72%
37位 15466 焼津
71%
50位 9672 島田
71%
36位 15902 東静岡
69%
49位 9690 桑名
68%
23位 28494 春日井
66%
35位 16755 稲沢
66%
21位 32307 勝川
64%
25位 24899 神領
64%
31位 20395 藤枝
63%
27位 21570 草薙
62%
39位 14994 新守山
61%
46位 11427 西岐阜
59%
33位 18068 共和
57%
34位 17111 穂積
56%
38位 15233 笠寺
51%
42位 13738 南大高
48%
47位 10592 西焼津
44%
No matching quizzes found
Score Distribution
Percent of People with Each Score
Percentile by Number Answered
Your Score History
You have not taken this quiz